[Event "AUTO-OPEN-1961"]
[Site "http://www.queenalice.com/game.php?id=768120"]
[Date "2010.4.29"]
[Round "1"]
[White "Mazuk"]
[Black "kievelmedieval"]
[Result "0-1"]
[WhiteElo "1369"]
[BlackElo "1621"]

1. d4 d5 2. c4 dxc4 3. e4 b5 4. a4 c6 5. d5 e5 6. dxc6 Qa5+ 7. Bd2 Qb6 8. axb5
Qxb5 9. Nc3 Qxc6 10. Qa4 Qxa4 11. Rxa4 Nc6 12. Nd5 Bd6 13. Bxc4 Rb8 14. Bc3 Nh6
15. Nc7+ Bxc7 0-1

[Event "AUTO-OPEN-1961"]
[Site "http://www.queenalice.com/game.php?id=768121"]
[Date "2010.4.29"]
[Round "1"]
[White "kievelmedieval"]
[Black "FPM"]
[Result "1-0"]
[WhiteElo "1688"]
[BlackElo "1933"]

1. d4 d5 2. Nc3 Nf6 3. Bf4 a6 4. e3 Bg4 5. f3 Bf5 6. g4 Bc8 7. Bd3 h6 8. b4 e6
9. a3 Be7 10. b5 Bd7 11. g5 Nh5 12. g6 Nxf4 13. exf4 Bh4+ 14. Kd2 Bf2 15. Qe2
Bxd4 16. h4 Qf6 17. Nxd5 Qd8 18. c3 Bc5 19. gxf7+ Kxf7 20. h5 exd5 21. Qe5 Bd6
22. Qxd5+ Be6 23. Qxb7 Bxf4+ 24. Kc2 Nd7 25. Bg6+ Kf6 26. bxa6 Nc5 27. Qb5 Qd2+
28. Kb1 Rab8 29. Qb4 Rxb4+ 30. axb4 1-0

[Event "AUTO-OPEN-1961"]
[Site "http://www.queenalice.com/game.php?id=768122"]
[Date "2010.4.29"]
[Round "1"]
[White "FPM"]
[Black "kievelmedieval"]
[Result "0-1"]
[WhiteElo "1907"]
[BlackElo "1714"]

1. Nf3 Nf6 2. Nc3 d5 3. d4 Nc6 4. Bf4 a6 5. Ne5 h6 6. e3 Bf5 7. a3 g5 8. Nxc6
bxc6 9. b4 gxf4 10. Qf3 Bxc2 11. Qxf4 a5 12. Rc1 axb4 13. axb4 Bg6 14. Be2 e6
15. b5 Bb4 16. O-O Bd6 17. Qh4 cxb5 18. Bxb5+ c6 19. Bxc6+ Ke7 20. e4 Ra6 21.
Bb5 Ra3 22. e5 Rxc3 23. Qxf6+ Kf8 24. Qxd8+ Kg7 25. Qf6+ Kh7 26. Rxc3 Bb4 27.
Rg3 Rb8 28. Bd3 Bxd3 0-1

[Event "AUTO-INT-1686"]
[Site "http://www.queenalice.com/game.php?id=768169"]
[Date "2010.4.29"]
[Round "1"]
[White "juim"]
[Black "kievelmedieval"]
[Result "0-1"]
[WhiteElo "1620"]
[BlackElo "1674"]

1. e4 e5 2. d3 h6 3. Nf3 Nc6 4. Be3 Nf6 5. Be2 d5 6. exd5 Qxd5 7. Nc3 Qa5 8. d4
Bb4 9. a3 Bxc3+ 10. Nd2 Bxb2 11. Ra2 Bc3 12. O-O exd4 13. Nc4 Qd5 14. Bd2 b5 15.
Bxc3 bxc4 16. Bd2 c3 17. Bf3 Ne4 18. Bxe4 Qc4 19. Re1 O-O 20. Ra1 cxd2 21. Qxd2
Bb7 22. Qf4 Rfe8 23. Qf5 g6 24. Qf4 d3 25. cxd3 Qc3 26. Qxc7 Ba6 27. Qxc6 Qa5
28. h3 Bxd3 29. Re3 Rac8 30. Qd7 Qc3 31. Rae1 Rxe4 32. Rxe4 Bxe4 33. Rxe4 Rf8
34. Qxa7 Qc6 35. Qe3 g5 36. h4 gxh4 37. Rxh4 Re8 38. Rg4+ Kf8 39. Qg3 Re1+ 40.
Kh2 Ke7 41. Qh4+ Kf8 42. Rb4 Qd6+ 43. Qg3 Re5 44. Rf4 Rh5+ 45. Qh3 Qxf4+ 0-1

[Event "AUTO-INT-1686"]
[Site "http://www.queenalice.com/game.php?id=768170"]
[Date "2010.4.29"]
[Round "1"]
[White "kievelmedieval"]
[Black "juim"]
[Result "1-0"]
[WhiteElo "1659"]
[BlackElo "1635"]

1. d4 d5 2. Nc3 e6 3. a3 Nc6 4. Bf4 Bd6 5. e3 e5 6. dxe5 Nxe5 7. Qxd5 c6 8. Qb3
Qc7 9. O-O-O Nf6 10. Nf3 Bg4 11. Re1 Nxf3 12. gxf3 Bxf3 13. Rg1 g6 14. Rg3 Bh5
15. Be2 Bxf4 16. exf4 Qxf4+ 17. Kb1 O-O-O 18. Qxf7 Qxf2 19. Qe6+ Nd7 20. Rgg1
Rhe8 21. Qc4 Ne5 22. Qb4 Bxe2 23. Ne4 Qe3 24. Nd6+ Rxd6 25. Qxd6 Nf3 26. Rg3 Qf2
27. Rc1 Rd8 28. Qe6+ Kb8 29. Qe7 Nd2+ 30. Ka2 Qb6 31. Qxe2 a6 32. Qe5+ Ka8 33.
Rg4 Rd5 34. Qh8+ Ka7 35. Qxh7 Qb5 36. Rb4 Qxb4 37. axb4 Rh5 38. Qxg6 Rxh2 39.
Qg1+ 1-0

[Event "AUTO-INT-1686"]
[Site "http://www.queenalice.com/game.php?id=768189"]
[Date "2010.4.29"]
[Round "1"]
[White "kievelmedieval"]
[Black "luiz_antonio"]
[Result "1-0"]
[WhiteElo "1650"]
[BlackElo "1881"]

1. d4 d5 2. Nc3 Bf5 3. Bf4 c6 4. e3 h6 5. g4 Bg6 6. Nf3 e6 7. a3 Nd7 8. h4 h5 9.
g5 Ne7 10. Bh3 Qb6 11. b4 Nf5 12. Na4 Qa6 13. c3 b5 14. Bf1 Qxa4 15. Qxa4 bxa4
16. b5 c5 17. dxc5 Nxc5 18. Nd2 Rc8 19. Rb1 Nd6 20. Rb4 Bd3 21. b6 Bxf1 22. bxa7
Nd3+ 23. Kxf1 Nxb4 24. cxb4 Rc1+ 25. Kg2 Rxh1 26. a8=Q+ Ke7 27. Kxh1 f5 28. Qc6
Kf7 29. Bxd6 Bxd6 30. Qxd6 Re8 31. Nf3 Re7 32. Ne5+ 1-0

[Event "AUTO-INT-1686"]
[Site "http://www.queenalice.com/game.php?id=768190"]
[Date "2010.4.29"]
[Round "1"]
[White "luiz_antonio"]
[Black "kievelmedieval"]
[Result "1-0"]
[WhiteElo "1858"]
[BlackElo "1675"]

1. e4 e5 2. Bc4 Nf6 3. d3 h6 4. a3 Bc5 5. h3 d6 6. Nc3 c6 7. Nf3 Qa5 8. Bd2 Qd8
9. a4 d5 10. exd5 cxd5 11. Bb5+ Bd7 12. Nxe5 Qe7 13. Bf4 Bd6 14. d4 Bb4 15. Qd3
Ne4 16. O-O Qh4 17. Bxd7+ Nxd7 18. Nxd5 Nxe5 19. Qxe4 O-O-O 20. Nxb4 Ng6 21. Nd3
Rhe8 22. Qf5+ Rd7 23. Nc5 Qd8 24. Nxd7 Re6 25. Nc5 Nxf4 26. Qxf4 Rf6 27. Qg4+
Kc7 28. Qxg7 Kc6 29. Ne4 Rf4 30. Qxh6+ f6 31. Qxf4 Qxd4 32. Qxf6+ Qxf6 33. Nxf6
a5 34. Rad1 Kc5 35. Rfe1 Kc4 36. Rd7 b6 37. Re3 Kc5 38. Rc3+ Kb4 39. Rd4# 1-0

[Event "copa sao paulo-2"]
[Site "http://www.queenalice.com/game.php?id=769643"]
[Date "2010.5.2"]
[Round "1"]
[White "kievelmedieval"]
[Black "tche_elvio"]
[Result "1-0"]
[WhiteElo "1666"]
[BlackElo "1567"]

1. d4 d5 2. Nc3 g6 3. Bf4 c6 4. e4 dxe4 5. d5 Bf5 6. Qd4 Nf6 7. Be5 Bg7 8. d6
O-O 9. Na4 exd6 10. Bxd6 Nh5 11. Qb4 Re8 12. Rd1 Qd7 13. Bxb8 Raxb8 14. Rxd7 Nf4
15. Rxb7 Rxb7 16. Qxb7 e3 17. f3 Bxc2 18. Bc4 Nxg2+ 19. Kf1 Bxa4 20. Qxf7+ 1-0

[Event "copa sao paulo-2"]
[Site "http://www.queenalice.com/game.php?id=791435"]
[Date "2010.6.17"]
[Round "2"]
[White "henriq19"]
[Black "kievelmedieval"]
[Result "1-0"]
[WhiteElo "2050"]
[BlackElo "1742"]

1. e4 e5 2. Nf3 Nc6 3. Be2 d5 4. exd5 Qxd5 5. O-O Bc5 6. Nc3 Qe6 7. Re1 Qg6 8.
Nd5 Bd6 9. Bd3 f5 10. Nh4 Qg5 11. Nf3 Qg6 12. b3 Be6 13. Bc4 f4 14. Nxf4 Qf7 15.
Nxe6 Nh6 16. Ned4 Qf6 17. Nxc6 bxc6 18. Bb2 Nf7 19. d4 O-O 20. dxe5 Qh6 21. exd6
Rad8 22. d7 Kh8 23. Bxf7 Qf4 24. Bc4 h6 25. Ba3 Kh7 26. Bxf8 Qxf8 27. Qd3+ g6
28. Ne5 Qg7 29. Nxc6 Rxd7 30. Qxd7 Qxd7 31. Re7+ Qxe7 32. Nxe7 h5 33. Rd1 1-0

[Event "interclubes 2010"]
[Site "http://www.queenalice.com/game.php?id=791951"]
[Date "2010.6.18"]
[Round "2"]
[White "betosantos"]
[Black "kievelmedieval"]
[Result "1-0"]
[WhiteElo "1636"]
[BlackElo "1739"]

1. e3 e5 2. a3 Nf6 3. h3 Bc5 4. Nc3 d6 5. Nf3 Bf5 6. b4 Bb6 7. Bc4 O-O 8. Ng5 d5
9. Bb3 e4 10. Qe2 h6 11. Nf3 exf3 12. Qxf3 1-0

[Event "COPA CEARA"]
[Site "http://www.queenalice.com/game.php?id=793331"]
[Date "2010.6.22"]
[Round "1"]
[White "tche_elvio"]
[Black "kievelmedieval"]
[Result "1-0"]
[WhiteElo "1575"]
[BlackElo "1763"]

1. c4 e5 2. Nc3 Nf6 3. g3 Bc5 4. e3 d6 5. Bg2 Na6 6. a3 c6 7. b4 Bb6 8. d3 c5 9.
b5 Ba5 10. Bd2 Nc7 11. Ne4 Bb6 12. a4 a5 13. Nxf6+ Qxf6 14. Nf3 Bg4 15. O-O 1-0

[Event "COPA RS-2"]
[Site "http://www.queenalice.com/game.php?id=796494"]
[Date "2010.6.29"]
[Round "3"]
[White "kievelmedieval"]
[Black "julianomachado"]
[Result "0-1"]
[WhiteElo "1738"]
[BlackElo "1743"]

1. d4 d5 2. Nc3 e6 3. a3 Nf6 4. Bf4 a6 5. e3 Be7 6. b4 b5 7. Bd3 O-O 8. Qf3 h6
9. Be5 Nc6 10. Bxf6 Bxf6 11. Ne4 Bg5 12. Ng3 Qf6 13. Qe2 e5 14. O-O-O e4 15.
Nxe4 dxe4 16. Bxe4 Bf5 17. Bd5 Rad8 18. Bb3 Nxd4 19. Qe1 Nxb3+ 20. Kb1 Qa1# 0-1

[Event "AUTO-INT-1686"]
[Site "http://www.queenalice.com/game.php?id=809397"]
[Date "2010.7.27"]
[Round "2"]
[White "maurice91"]
[Black "kievelmedieval"]
[Result "0-1"]
[WhiteElo "1797"]
[BlackElo "1757"]

1. e4 e5 2. Nf3 Nc6 3. Bc4 h6 4. Nc3 Nf6 5. d3 Bc5 6. Be3 Bb4 7. O-O Bxc3 8.
bxc3 d5 9. exd5 Nxd5 10. Bxd5 Qxd5 11. c4 Qe6 12. Qd2 Qg6 13. Nh4 Qg4 14. g3 g5
15. Ng2 Qf3 16. Kh1 Bh3 17. Rg1 O-O 18. Qe1 Nb4 19. Qxb4 b6 20. Qe1 e4 21. Rd1
Rfd8 22. d4 a5 23. c3 a4 24. d5 a3 25. Bd4 Ra4 26. Qf1 h5 27. Re1 Bg4 28. Re3
Qf5 29. Ne1 Bf3+ 30. Ng2 h4 31. Rxf3 Qxf3 32. h3 g4 33. hxg4 h3 34. Be5 f6 35.
Bxc7 Rc8 36. d6 Kf7 37. d7 Rxc7 38. d8=Q Re7 39. Qd5+ Kg7 40. g5 Kg6 41. Qg8+
Rg7 42. Qe8+ Rf7 43. Qxa4 hxg2+ 44. Qxg2 Rh7# 0-1

[Event "AUTO-INT-1686"]
[Site "http://www.queenalice.com/game.php?id=809398"]
[Date "2010.7.27"]
[Round "2"]
[White "kievelmedieval"]
[Black "maurice91"]
[Result "1-0"]
[WhiteElo "1740"]
[BlackElo "1774"]

1. d4 d5 2. Nc3 Nf6 3. Bf4 e6 4. a3 c5 5. Nb5 a6 6. Nc7+ Kd7 7. Nxa8 Nc6 8. e3
Qa5+ 9. c3 cxd4 10. exd4 Bd6 11. b4 Qd8 12. Bg3 Bxg3 13. hxg3 b5 14. a4 Na7 15.
axb5 Nxb5 16. Qa4 Bb7 17. Bxb5+ axb5 18. Qxb5+ Bc6 19. Nb6+ Kc7 20. Ra7+ Kd6 21.
Qc5# 1-0

[Event "AUTO-INT-1686"]
[Site "http://www.queenalice.com/game.php?id=829910"]
[Date "2010.9.8"]
[Round "3"]
[White "luiz_antonio"]
[Black "kievelmedieval"]
[Result "1-0"]
[WhiteElo "1936"]
[BlackElo "1761"]

1. e4 e5 2. Bc4 Nf6 3. Qf3 Bc5 4. Ne2 d6 5. h3 h5 6. d3 c6 7. Bg5 Qa5+ 8. c3
Nbd7 9. a3 b5 10. b4 bxc4 11. bxa5 cxd3 12. Qxd3 d5 13. Bxf6 Nxf6 14. exd5 Bb7
15. Qg3 O-O-O 16. Nd2 Nxd5 17. Ne4 Be7 18. Qxe5 1-0

[Event "AUTO-INT-1686"]
[Site "http://www.queenalice.com/game.php?id=829911"]
[Date "2010.9.8"]
[Round "3"]
[White "kievelmedieval"]
[Black "luiz_antonio"]
[Result "0-1"]
[WhiteElo "1771"]
[BlackElo "1926"]

1. d4 g6 2. Nc3 Bg7 3. Bf4 Nc6 4. Nb5 d6 5. e3 a6 6. Nc3 e5 7. dxe5 Nxe5 8. Bxe5
Bxe5 9. Bc4 Bxc3+ 10. bxc3 Qf6 11. Qd3 Ne7 12. Qe4 Qxc3+ 13. Ke2 Qxa1 14. g4 Qe5
15. Qf3 d5 16. Bb3 c6 17. Nh3 h5 18. Qg2 Bxg4+ 19. f3 Bxh3 0-1

[Event "AUTO-OPEN-1961"]
[Site "http://www.queenalice.com/game.php?id=834513"]
[Date "2010.9.18"]
[Round "2"]
[White "kievelmedieval"]
[Black "trill"]
[Result "0-1"]
[WhiteElo "1775"]
[BlackElo "2498"]

1. d4 Nf6 2. Nc3 d5 3. Bf4 g6 4. Nb5 Na6 5. e3 Bg7 6. Qd3 c6 7. Nc3 Qb6 8. b3
Nh5 9. Na4 Nxf4 10. exf4 Qa5+ 0-1

[Event "AUTO-OPEN-1961"]
[Site "http://www.queenalice.com/game.php?id=834518"]
[Date "2010.9.18"]
[Round "2"]
[White "psychobunny"]
[Black "kievelmedieval"]
[Result "1-0"]
[WhiteElo "1750"]
[BlackElo "1735"]

1. e4 e5 2. Nf3 Nc6 3. Bb5 Nf6 4. Bxc6 dxc6 5. Nxe5 Nxe4 6. Qe2 Qd5 7. Nxf7 Kxf7
8. f3 Nd6 9. Nc3 Qf5 10. d3 Bd7 11. g4 Qa5 12. Bd2 Re8 13. Ne4 Qb6 14. O-O-O 1-0

[Event "AUTO-OPEN-1961"]
[Site "http://www.queenalice.com/game.php?id=834519"]
[Date "2010.9.18"]
[Round "2"]
[White "kievelmedieval"]
[Black "psychobunny"]
[Result "0-1"]
[WhiteElo "1752"]
[BlackElo "1733"]

1. d4 Nc6 2. Nf3 d5 3. Nc3 Bf5 4. a3 f6 5. Bf4 g5 6. Bg3 Bg7 7. Nb5 e5 8. dxe5
fxe5 9. e3 a6 10. Nc3 d4 11. exd4 Nxd4 12. Bxe5 Nxf3+ 13. Qxf3 Bxe5 0-1